The teachings of Don Juan: a yaqui way of knowledge

Na minha lista:
Detalhes bibliográficos
Autor principal: Castaneda, Carlos (Author)
Formato: Livro
Idioma:inglês
Publicado em: Nueva York Pocket Books 1974
Edição:1a. ed
Assuntos:
Tags: Adicionar Tag
Sem tags, seja o primeiro a adicionar uma tag!

MARC

LEADER 00000nam a2200000 a 4500
001 UCH0300
003 CL-VaPUC
008 090306e19740000US |||||||||||||||||eng|d
020 |a 671800507 
082 0 4 |a 306  |b CAS  |2 21 
100 0 |a Castaneda, Carlos  |e author  |9 534491 
245 1 4 |a The teachings of Don Juan: a yaqui way of knowledge 
250 |a 1a. ed 
300 |a 256 p 
942 |c BK 
945 |d 20090306 00:00:00  |a cmena 
260 |a Nueva York  |b Pocket Books  |c 1974 
650 0 |a Antropología cultural   |9 269905 
650 0 |a Teoría del conocimiento   |9 255038 
650 7 |a MAGIA  |2 CL-VaPUC  |9 319651 
650 0 |a Misticismo  |9 265505 
650 0 |a Desarrollo individual   |9 307875 
583 |a last modification  |c 20130105 12:13:54  |k Rodrigo Vera 
999 |c 332635  |d 332633 
952 |0 0  |1 0  |4 0  |6 306_000000000000000_CAS_1974  |7 0  |8 A  |9 420487  |a BIBEDU  |b BIBEDU  |d 2019-11-22  |i 4520076  |o 306 CAS 1974  |p 4520076  |r 2019-11-22  |w 2019-11-22  |y BK  |k LIT